[Event "GRE-chT 41st"]
[Site "Achaia"]
[Date "2013.07.02"]
[Round "1.4"]
[White "Kanellopoulos, Georgios"]
[Black "Patsavoudis, Nikolaos"]
[Result "1-0"]
[WhiteElo "2070"]
[BlackElo "1602"]
[PlyCount "49"]
[EventDate "2013.07.02"]
[EventType "team-swiss"]
[EventRounds "7"]
[EventCountry "GRE"]
[SourceTitle "CBM 155 Extra"]
[Source "ChessBase"]
[SourceDate "2013.08.26"]
[SourceVersion "1"]
[SourceVersionDate "2013.08.26"]
[SourceQuality "1"]
[WhiteTeam "Patron CN"]
[BlackTeam "Giannitson"]
[WhiteTeamCountry "GRE"]
[BlackTeamCountry "GRE"]

1. c4 e5 2. g3 Nf6 3. Bg2 d5 4. cxd5 Nxd5 5. Nc3 Nxc3 6. bxc3 Bc5 7. d3 0-0 8. Nf3 Nc6 9. 0-0 Bb6 10. Nd2 Bg4 11. Nc4 f6 12. a4 a5 13. Rb1 Ra6 14. Qc2 Be6 15. Nxb6 Rxb6 16. Rxb6 cxb6 17. Be3 Bd5 18. Bxb6 Qxb6 19. Bxd5+ Kh8 20. Rb1 Qc7 21. Qb3 Rd8 22. Be4 Rd7 23. Qe6 Qd8 24. Bxc6 bxc6 25. Qxc6 1-0

[Event "GRE-ch U16"]
[Site "Chania"]
[Date "2003.04.23"]
[Round "6"]
[White "Patsavoudis, Nikolaos"]
[Black "Mouratidis, Grigoris"]
[Result "1/2-1/2"]
[WhiteElo "1750"]
[BlackElo "1580"]
[PlyCount "102"]
[EventDate "2003.04.??"]
[EventType "swiss"]
[EventRounds "7"]
[EventCountry "GRE"]
[SourceTitle "EXT 2005"]
[Source "ChessBase"]
[SourceDate "2004.11.15"]
[SourceVersion "1"]
[SourceVersionDate "2004.11.15"]
[SourceQuality "1"]

1. e4 c5 2. Nf3 Nc6 3. d4 cxd4 4. Nxd4 Qc7 5. Nc3 e6 6. Be3 a6 7. Bd3 Nf6 8. 0-0 h5 9. h3 b5 10. Nxc6 Qxc6 11. Be2 Bb7 12. Bf3 e5 13. Nd5 Nxd5 14. exd5 Qc8 15. Re1 d6 16. Bg5 Be7 17. Bxe7 Kxe7 18. Bxh5 Qc5 19. Bf3 f5 20. Qd2 g6 21. Rad1 Kf7 22. Re3 Rh4 23. Rc3 Qb6 24. a3 Kf6 25. Be2 g5 26. Qe3 Qd8 27. Bf1 Re4 28. Qg3 Qb6 29. Bd3 Rd4 30. Be2 Rxd1+ 31. Bxd1 Bxd5 32. h4 g4 33. Qe3 Qxe3 34. fxe3 Be4 35. g3 Rb8 36. Kf2 Rb6 37. Be2 Ke6 38. Bd3 Bf3 39. Ke1 Rc6 40. Rxc6 Bxc6 41. c4 d5 42. cxb5 axb5 43. Kf2 Be8 44. b3 d4 45. exd4 exd4 46. Bc2 Ke5 47. a4 bxa4 48. bxa4 d3 49. Bxd3 Bxa4 50. Ke3 Be8 51. Bc4 Bg6 1/2-1/2

[Event "GRE-ch U16"]
[Site "Chania"]
[Date "2003.04.21"]
[Round "3"]
[White "Papadopoulos, Dimitrios"]
[Black "Patsavoudis, Nikolaos"]
[Result "1/2-1/2"]
[WhiteElo "1560"]
[BlackElo "1750"]
[PlyCount "137"]
[EventDate "2003.04.??"]
[EventType "swiss"]
[EventRounds "7"]
[EventCountry "GRE"]
[SourceTitle "EXT 2005"]
[Source "ChessBase"]
[SourceDate "2004.11.15"]
[SourceVersion "1"]
[SourceVersionDate "2004.11.15"]
[SourceQuality "1"]

1. Nf3 d5 2. g3 Nf6 3. Bg2 e6 4. 0-0 Be7 5. b3 0-0 6. Bb2 c5 7. d3 b6 8. c4 Bb7 9. Nbd2 Nbd7 10. Re1 d4 11. h3 h6 12. e3 e5 13. Nxe5 Bxg2 14. Nxd7 Bxh3 15. Nxf8 Bxf8 16. exd4 cxd4 17. Ne4 Ng4 18. f3 Ne3 19. Qe2 Bb4 20. Reb1 f5 21. Nf2 Bg2 22. Nd1 Bf1 23. Qf2 Bxd3 24. Rc1 f4 25. gxf4 Qd6 26. Nxe3 dxe3 27. Qg3 Qe7 28. Bc3 Bc5 29. Kg2 Rd8 30. Rh1 Rd6 31. Rh4 Rg6 32. Rg4 Rxg4 33. Qxg4 Qf7 34. Rd1 Bf5 35. Qg3 Be7 36. Re1 Bc5 37. b4 Bd6 38. Rxe3 Bb1 39. a3 Bxf4 40. Re8+ Kh7 41. Qxg7+ Qxg7+ 42. Bxg7 Kxg7 43. Re7+ Kg8 44. Rxa7 Be3 45. Rb7 Ba2 46. Re7 Bg5 47. Re6 b5 48. Rg6+ Kf7 49. Rxg5 hxg5 50. cxb5 Ke7 51. Kg3 Be6 52. a4 Kd7 53. f4 g4 54. a5 Kc7 55. b6+ Kc6 56. b5+ Kd7 57. a6 Kc8 58. b7+ Kb8 59. b6 Bf5 60. Kh4 Be6 61. Kg3 Bd7 62. Kf2 Bf5 63. Ke3 Be6 64. Ke4 Bf5+ 65. Kd4 g3 66. Ke3 Bg4 67. f5 Bxf5 68. Kf3 Be4+ 69. Kxg3 1/2-1/2

[Event "GRE-ch U16"]
[Site "Chania"]
[Date "2003.04.20"]
[Round "2"]
[White "Patsavoudis, Nikolaos"]
[Black "Papadopoulos, Ioannis K"]
[Result "0-1"]
[WhiteElo "1750"]
[BlackElo "1950"]
[PlyCount "166"]
[EventDate "2003.04.??"]
[EventType "swiss"]
[EventRounds "7"]
[EventCountry "GRE"]
[SourceTitle "EXT 2005"]
[Source "ChessBase"]
[SourceDate "2004.11.15"]
[SourceVersion "1"]
[SourceVersionDate "2004.11.15"]
[SourceQuality "1"]

1. e4 c5 2. Nc3 Nc6 3. Nge2 g6 4. d4 cxd4 5. Nxd4 Bg7 6. Be3 Nf6 7. Bc4 0-0 8. Bb3 d6 9. f3 Bd7 10. Qd2 Qa5 11. g4 Ne5 12. 0-0-0 Rfc8 13. Bh6 Bh8 14. h4 Nc4 15. Bxc4 Rxc4 16. Nb3 Qd8 17. h5 Rac8 18. hxg6 fxg6 19. e5 Ne8 20. Bf4 Rxf4 21. Qxf4 Bxe5 22. Qh6 Nf6 23. Nd5 Qf8 24. Nxf6+ Qxf6 25. Qxh7+ Kf8 26. Kb1 Bxb2 27. Rh6 Be8 28. Rd3 a5 29. g5 Qe5 30. f4 Qg7 31. Qxg7+ Bxg7 32. Rh7 a4 33. Nd4 Bd7 34. Rh2 Rc4 35. Rhd2 e5 36. fxe5 dxe5 37. Ne2 Bf5 38. Rd8+ Ke7 39. Rg8 Kf7 40. Rb8 Rb4+ 41. Kc1 e4 42. c3 Be5 43. Rf8+ Kxf8 44. cxb4 Ke7 45. Rd5 Bc7 46. Nd4 Be6 47. Nxe6 Kxe6 48. Rc5 Bd8 49. Kd1 Kd6 50. Rc8 Kd7 51. Rc4 Bxg5 52. Rxe4 Be7 53. Ke2 Kd6 54. a3 Bf6 55. Re3 Kd5 56. Rd3+ Ke6 57. Ke3 Bg5+ 58. Ke4 Bc1 59. Rg3 g5 60. Kd4 Kd6 61. b5 b6 62. Kc4 Ke5 63. Kb4 Kf4 64. Rg1 Be3 65. Rd1 g4 66. Kxa4 g3 67. Rd8 g2 68. Rg8 g1Q 69. Rxg1 Bxg1 70. Kb3 Bf2 71. Kc4 Be1 72. Kd5 Ke3 73. Kc4 Ba5 74. Kb3 Kd3 75. Ka4 Kd4 76. Kb3 Kc5 77. a4 Kd4 78. Kb2 Kc4 79. Ka3 Kc3 80. Ka2 Kb4 81. Kb2 Kxa4 82. Kc2 Kxb5 83. Kb3 Be1 0-1